Teoría económica
Guardat en:
| Autor principal: | |
|---|---|
| Format: | Llibre |
| Idioma: | espanyol |
| Publicat: |
Santiago
Andrés Bello
1973
|
| Edició: | 3a. ed |
| Matèries: | |
| Etiquetes: |
Afegir etiqueta
Sense etiquetes, Sigues el primer a etiquetar aquest registre!
|
MARC
| LEADER | 00000nam a2200000 a 4500 | ||
|---|---|---|---|
| 001 | UCT8410 | ||
| 003 | CL-VaPUC | ||
| 008 | 970326e19730000CL |||||||||||||||||spa|d | ||
| 082 | 0 | 4 | |a 330 |b BAL |2 21 |
| 100 | 0 | |a Baltra Cortés, Alberto |e author |9 380143 | |
| 245 | 1 | 0 | |a Teoría económica |
| 250 | |a 3a. ed | ||
| 300 | |a v | ||
| 942 | |c BK | ||
| 945 | |d 19970326 00:00:00 |a rleighto | ||
| 260 | |a Santiago |b Andrés Bello |c 1973 | ||
| 650 | 0 | |a Economía |9 255568 | |
| 650 | 0 | |a Teoría económica |9 315055 | |
| 650 | 0 | |a Consumo |9 333893 | |
| 650 | 0 | |a Producción |9 263680 | |
| 650 | 0 | |a Capital |9 263726 | |
| 650 | 0 | |a Trabajo |9 313876 | |
| 650 | 0 | |a Costos |9 261063 | |
| 650 | 7 | |a INGRESO NACIONAL |2 CL-VaPUC |9 334289 | |
| 583 | |a last modification |c 19970326 00:00:00 |k Rodrigo Vera | ||
| 999 | |c 256910 |d 256908 | ||
| 952 | |0 0 |1 0 |4 0 |6 330_000000000000000_BAL_1973 |7 0 |8 A |9 280032 |a BIBGIM |b BIBGIM |d 2019-11-19 |h v.1 |i 3277151 |o 330 BAL 1973 |p 3277151 |r 2025-01-15 |w 2019-11-19 |y BK |k COM | ||